[Event "36th ECC Open 2021"]
[Site "Struga MKD"]
[Date "2021.09.19"]
[Round "2.11"]
[Board "2"]
[White "Sos Andreu, Eric"]
[Black "Andreasson, Ingvar"]
[Result "1-0"]
[WhiteTitle "IM"]
[WhiteElo "2355"]
[BlackElo "2331"]
[WhiteTeam "Andreu Paterna"]
[BlackTeam "Team Pelaro Alingsas"]
[WhiteFideId "22247017"]
[BlackFideId "1700294"]
[EventDate "2021.09.18"]
[EventType "team"]

1. d4 d6 2. Nf3 Nf6 3. c4 g6 4. g3 Bg7 5. Bg2 O-O 6. O-O Nbd7 7. Nc3 e5 8. e4
exd4 9. Nxd4 Re8 10. Re1 a6 11. h3 Rb8 12. Nc2 Nc5 13. Rb1 Bd7 14. b4 Na4 15.
Nxa4 Bxa4 16. Qd2 Re7 17. Bb2 Qf8 18. Re2 Rbe8 19. Bxf6 Bxf6 20. Ne3 Bc6 21. Nd5
Bxd5 22. Qxd5 Rb8 23. f4 Ree8 24. Kh2 c6 25. Qd3 Bd8 26. b5 axb5 27. cxb5 Bb6
28. bxc6 bxc6 29. Qa6 Bc5 30. Rxb8 Rxb8 31. Qxc6 Rb1 32. h4 Rc1 33. Qb7 Qe8 34.
Bh3 Qa4 35. Qb8+ 1-0

[Event "36th ECC Open 2021"]
[Site "Struga MKD"]
[Date "2021.09.19"]
[Round "2.11"]
[Board "3"]
[White "Agrest, Inna"]
[Black "Pallardo Lozoya, Jose Vicente"]
[Result "0-1"]
[WhiteTitle "WIM"]
[BlackTitle "IM"]
[WhiteElo "2256"]
[BlackElo "2357"]
[WhiteTeam "Team Pelaro Alingsas"]
[BlackTeam "Andreu Paterna"]
[WhiteFideId "1708830"]
[BlackFideId "2230380"]
[EventDate "2021.09.18"]
[EventType "team"]

1. e4 c6 2. d4 d5 3. f3 Qb6 4. Nc3 e6 5. a3 Nf6 6. Be3 Be7 7. Be2 O-O 8. Nh3
dxe4 9. O-O exf3 10. Rxf3 Ng4 11. Na4 Qa5 12. c3 Nxe3 13. Rxe3 Nd7 14. b4 Qc7
15. Bd3 a5 16. Qc2 h6 17. Rf1 axb4 18. axb4 b6 19. Nb2 Bb7 20. Qe2 Bd6 21. Bb1
Bxh2+ 22. Kh1 c5 23. Qd3 f5 24. Rxe6 Be4 25. Qc4 Kh8 26. Bxe4 fxe4 27. Rxe4 Nf6
28. Ree1 Nh5 29. Rxf8+ Rxf8 30. g4 Ng3+ 31. Kg2 Ne4 32. Qd3 cxd4 33. cxd4 Nf6
34. g5 Nh5 35. Re2 Bd6 36. Nc4 Nf4+ 37. Nxf4 Bxf4 38. Ne5 Bxe5 39. Rxe5 Qf7 40.
Qe2 Qf4 41. d5 hxg5 42. d6 Qd4 43. Rxg5 Qxd6 44. Rh5+ Kg8 45. Qc4+ Rf7 46. Rh8+
Kxh8 47. Qxf7 Kh7 48. Qc4 Kg6 49. b5 Kf6 50. Qh4+ Kf7 51. Qc4+ Ke7 52. Qe4+ Qe6
53. Qb7+ Kf6 54. Qf3+ Kg5 55. Qc6 Qe2+ 56. Kg3 Qe3+ 57. Kg2 Qd4 58. Qc1+ Kf5 59.
Qc8+ Ke4 60. Qe6+ Kd3 61. Qc6 g5 62. Qf3+ Kc4 63. Qc6+ Kb4 64. Kg3 Ka5 65. Kg2
Qc5 66. Kg3 Qxc6 67. bxc6 Ka6 68. Kg4 Ka7 69. Kxg5 Kb8 70. Kf4 Kc7 71. Ke3 Kxc6
72. Kd4 Kb5 73. Kc3 Ka4 74. Kc2 Ka3 75. Kb1 b5 76. Ka1 b4 77. Kb1 Kb3 78. Ka1
Kc2 0-1

[Event "36th ECC Open 2021"]
[Site "Struga MKD"]
[Date "2021.09.19"]
[Round "2.11"]
[Board "4"]
[White "Ibanez Aullana, Ramon"]
[Black "Rasti, Arvin"]
[Result "1-0"]
[WhiteTitle "FM"]
[WhiteElo "2269"]
[BlackElo "2219"]
[WhiteTeam "Andreu Paterna"]
[BlackTeam "Team Pelaro Alingsas"]
[WhiteFideId "2207532"]
[BlackFideId "1741160"]
[EventDate "2021.09.18"]
[EventType "team"]

1. e4 e6 2. d3 d5 3. Nd2 Nf6 4. Ngf3 b6 5. e5 Nfd7 6. d4 Be7 7. Bd3 c5 8. c3 Ba6
9. Bxa6 Nxa6 10. O-O O-O 11. Re1 Nc7 12. Nf1 b5 13. Ng3 b4 14. Nh5 g6 15. Nf4
bxc3 16. bxc3 Rb8 17. Ne2 Rb6 18. Bh6 Re8 19. Qc1 cxd4 20. cxd4 Na6 21. Qf4 Bf8
22. Bg5 Qb8 23. h4 Rb4 24. Qg3 Rb2 25. Bc1 Rc2 26. a3 Rd8 27. h5 Bg7 28. Nf4 Nc7
29. hxg6 hxg6 30. Qh3 Ne8 31. Nxe6 fxe6 32. Qxe6+ Kh8 33. Ng5 1-0

[Event "36th ECC Open 2021"]
[Site "Struga MKD"]
[Date "2021.09.19"]
[Round "2.11"]
[Board "5"]
[White "Wengholm, Anders"]
[Black "Torres Sanchez, Jose"]
[Result "1/2-1/2"]
[BlackTitle "FM"]
[WhiteElo "2198"]
[BlackElo "2271"]
[WhiteTeam "Team Pelaro Alingsas"]
[BlackTeam "Andreu Paterna"]
[WhiteFideId "1704818"]
[BlackFideId "2217210"]
[EventDate "2021.09.18"]
[EventType "team"]

1. Nf3 d6 2. d4 g6 3. g3 Bg7 4. Bg2 c5 5. O-O cxd4 6. Nxd4 Nf6 7. c4 O-O 8. Nc3
Nc6 9. Nxc6 bxc6 10. Bxc6 Bh3 11. Bxa8 Qxa8 12. f3 Bxf1 13. Kxf1 Qc8 14. Qd3 Nd7
15. b3 Ne5 16. Qc2 d5 17. Kg2 dxc4 18. Rb1 Rd8 19. Bb2 cxb3 20. axb3 Qb7 21. Ne4
Rc8 22. Qd1 h6 23. Nf2 h5 24. Bxe5 Bxe5 25. Nd3 Bd4 26. Rc1 Rd8 27. Qc2 Rb8 28.
b4 Be3 29. Rb1 Qb5 30. Ra1 Bb6 31. Rc1 Qg5 32. Qc4 Rd8 33. Qf4 Qd5 34. Qc4 Qf5 1/2-1/2

[Event "36th ECC Open 2021"]
[Site "Struga MKD"]
[Date "2021.09.19"]
[Round "2.11"]
[Board "6"]
[White "Gimeno Higueras, Roberto"]
[Black "Johansson, Eva"]
[Result "1/2-1/2"]
[WhiteElo "2214"]
[BlackElo "1847"]
[WhiteTeam "Andreu Paterna"]
[BlackTeam "Team Pelaro Alingsas"]
[WhiteFideId "2258420"]
[BlackFideId "1724584"]
[EventDate "2021.09.18"]
[EventType "team"]

1. e4 d6 2. b3 Nf6 3. Nc3 g6 4. Bb2 Bg7 5. d4 Nbd7 6. Nf3 O-O 7. g3 c6 8. Bg2
Qc7 9. O-O Re8 10. Re1 e5 11. dxe5 dxe5 12. Qd3 h6 13. Rad1 Bf8 14. h3 b6 15.
Qc4 Nc5 16. b4 Ba6 17. b5 cxb5 18. Nxb5 Bxb5 19. Qxb5 Rac8 20. Nd2 a6 21. Qe2
Na4 22. Ba1 b5 23. Qf3 Kg7 24. Rc1 Nc3 25. Bxc3 Qxc3 26. Qxc3 Rxc3 27. Nb1 Rc4
28. f3 Rec8 29. Re2 Bc5+ 30. Kh2 Bd4 31. Bf1 Bb2 32. Rd1 Rxc2 33. Rxc2 Rxc2+ 34.
Rd2 Rxd2+ 35. Nxd2 Nd7 36. Nb3 f6 37. h4 Kf7 38. Bh3 Nb6 39. Nc5 a5 40. h5 g5
41. Bf1 b4 42. Bb5 Ke7 43. Kh3 Bd4 44. Na4 1/2-1/2

[Event "36th ECC Open 2021"]
[Site "Struga MKD"]
[Date "2021.09.19"]
[Round "2.13"]
[Board "1"]
[White "Uruci, Endrit"]
[Black "Kunin, Vitaly"]
[Result "0-1"]
[BlackTitle "GM"]
[WhiteElo "2279"]
[BlackElo "2562"]
[WhiteTeam "Dardania"]
[BlackTeam "Gambit Bonnevoie"]
[WhiteFideId "22100199"]
[BlackFideId "4128737"]
[EventDate "2021.09.18"]
[EventType "team"]

1. e4 d6 2. d4 Nf6 3. Nc3 Nbd7 4. Be3 e5 5. f3 c6 6. Nge2 Be7 7. Qd2 O-O 8. g4
b5 9. g5 Nh5 10. Ng3 exd4 11. Qxd4 Nxg3 12. hxg3 Bxg5 13. f4 Be7 14. O-O-O Re8
15. e5 Nf8 16. Bg2 d5 17. Qd3 Bg4 18. Rdf1 b4 19. Na4 Qa5 20. b3 Bc8 21. f5 Ba6
22. Qd4 Bxf1 23. Bxf1 f6 24. e6 Qc7 25. Qg4 Bd6 26. Qh5 Bxg3 27. Bc5 Bd6 28.
Qf7+ Kh8 29. Qxc7 Bxc7 30. Bxb4 h6 31. Bxf8 Rxf8 32. Be2 Bf4+ 33. Kd1 g6 34.
fxg6 Kg7 35. Rf1 Bd6 36. c4 Rae8 37. cxd5 cxd5 38. Bf3 Rxe6 39. Bxd5 Re5 40. Bf7
Ba3 41. Rf4 Rd8+ 42. Kc2 Re1 0-1

[Event "36th ECC Open 2021"]
[Site "Struga MKD"]
[Date "2021.09.19"]
[Round "2.13"]
[Board "2"]
[White "Godart, Francois"]
[Black "Saraci, Korab"]
[Result "1-0"]
[WhiteTitle "IM"]
[WhiteElo "2407"]
[BlackElo "2154"]
[WhiteTeam "Gambit Bonnevoie"]
[BlackTeam "Dardania"]
[WhiteFideId "208078"]
[BlackFideId "4701968"]
[EventDate "2021.09.18"]
[EventType "team"]

1. d4 Nf6 2. c4 e6 3. g3 d5 4. Bg2 Be7 5. Nf3 O-O 6. O-O Nbd7 7. Qc2 Re8 8. Rd1
Nf8 9. Nc3 Ng6 10. Ne5 c6 11. e4 dxc4 12. Nxc4 b5 13. Ne3 Qb6 14. d5 e5 15. d6
Bf8 16. Nf5 Rd8 17. Bg5 Qb8 18. Rd2 Be6 19. Rad1 Rd7 20. h4 Ne8 21. h5 f6 22.
Bh3 Kh8 23. Be3 Nxd6 24. hxg6 hxg6 25. Nh4 Bxh3 26. Nxg6+ Kh7 27. Nxf8+ Qxf8 28.
Bc5 Rad8 29. Qd3 Qf7 30. Qf3 Nc4 31. Rxd7 Rxd7 32. g4 Rxd1+ 33. Nxd1 Qd7 34.
Qxh3+ Kg8 1-0

[Event "36th ECC Open 2021"]
[Site "Struga MKD"]
[Date "2021.09.19"]
[Round "2.13"]
[Board "3"]
[White "Budima, Armend"]
[Black "Dishman, Stephen"]
[Result "1/2-1/2"]
[WhiteTitle "CM"]
[WhiteElo "2171"]
[BlackElo "2316"]
[WhiteTeam "Dardania"]
[BlackTeam "Gambit Bonnevoie"]
[WhiteFideId "3612236"]
[BlackFideId "403024"]
[EventDate "2021.09.18"]
[EventType "team"]

1. e4 c6 2. d4 d5 3. Nc3 dxe4 4. Nxe4 Nf6 5. Nxf6+ exf6 6. c3 Bd6 7. Bd3 O-O 8.
Ne2 Re8 9. O-O Nd7 10. Bf4 Nf8 11. Bxd6 Qxd6 12. Ng3 g6 13. Ne4 Qd8 14. Re1 Ne6
15. Bc4 f5 16. Nd2 Ng5 17. Rxe8+ Qxe8 18. Nf3 Be6 19. Nxg5 Bxc4 20. b3 Be6 21.
Qd2 Bd7 22. Re1 Qf8 23. h4 Re8 24. Rxe8 Qxe8 25. Kf1 Kg7 26. Qe2 Qxe2+ 27. Kxe2
f6 28. Nf3 Kh6 29. c4 Be6 30. a4 Kh5 31. g3 Kg4 32. Ke3 a5 33. Ne1 g5 34. hxg5
fxg5 35. Nd3 h5 36. Ne5+ Kh3 37. Nf3 Kg4 38. Ne5+ Kh3 39. Nf3 Kg4 40. Ne5+ 1/2-1/2

[Event "36th ECC Open 2021"]
[Site "Struga MKD"]
[Date "2021.09.19"]
[Round "2.13"]
[Board "4"]
[White "Schwerteck, Michael"]
[Black "Salihu, Sami"]
[Result "1-0"]
[WhiteElo "2113"]
[BlackElo "2207"]
[WhiteTeam "Gambit Bonnevoie"]
[BlackTeam "Dardania"]
[WhiteFideId "4687078"]
[BlackFideId "935476"]
[EventDate "2021.09.18"]
[EventType "team"]

1. e4 Nf6 2. e5 Nd5 3. d4 d6 4. c4 Nb6 5. exd6 exd6 6. Nc3 Be7 7. Bd3 Nc6 8.
Nge2 O-O 9. O-O Bf6 10. b3 Bg4 11. Be3 Bxd4 12. Bxd4 Nxd4 13. Bxh7+ Kxh7 14.
Qxd4 Bxe2 15. Nxe2 Re8 16. Ng3 Qg5 17. Rfe1 Kg8 18. h4 Qa5 19. Kf1 Re5 20. Rxe5
Qxe5 21. Qxe5 dxe5 22. Rd1 c6 23. Ne4 Kf8 24. Nc5 Rb8 25. Rd7 Ke8 26. Rxb7 Rxb7
27. Nxb7 Kd7 28. Nc5+ Kd6 29. Ne4+ Ke6 30. Ke2 f5 31. Nc3 a5 32. Ke3 g6 33. Ne2
f4+ 34. Kf3 Nd7 35. Nc3 Nc5 36. g3 Kf5 37. g4+ Ke6 38. Ne4 Nd3 39. h5 gxh5 40.
gxh5 Kf5 41. Nd6+ Kg5 42. Nb7 Kxh5 43. Nxa5 c5 44. Nb7 Kg5 45. a4 Nc1 46. Nxc5 1-0

[Event "36th ECC Open 2021"]
[Site "Struga MKD"]
[Date "2021.09.19"]
[Round "2.13"]
[Board "5"]
[White "Hamiti, Gani"]
[Black "Visintin, Roberto"]
[Result "1-0"]
[WhiteTitle "FM"]
[WhiteElo "2123"]
[BlackElo "2029"]
[WhiteTeam "Dardania"]
[BlackTeam "Gambit Bonnevoie"]
[WhiteFideId "4701194"]
[BlackFideId "807613"]
[EventDate "2021.09.18"]
[EventType "team"]

1. e4 e6 2. d4 d5 3. e5 c5 4. Nf3 cxd4 5. Bd3 Nc6 6. O-O Nge7 7. Re1 Ng6 8. a3
Qc7 9. Qe2 Be7 10. g3 O-O 11. b4 a6 12. h4 f6 13. Bxg6 hxg6 14. Bf4 g5 15. hxg5
fxg5 16. Bxg5 Rf5 17. Bxe7 Qxe7 18. Nbd2 Bd7 19. Nh4 Rxe5 20. Ng6 Rxe2 21. Nxe7+
Nxe7 22. Rxe2 Rf8 23. Nb3 b6 24. Nxd4 Rf6 25. Rae1 Kf7 26. Re3 Nc8 27. Rc3 Nd6
28. Rc7 Ke8 29. Kg2 Nc4 30. Nf3 Kd8 31. Ra7 Bb5 32. Rxg7 Nxa3 33. Rh1 Rf8 34.
Rhh7 1-0

[Event "36th ECC Open 2021"]
[Site "Struga MKD"]
[Date "2021.09.19"]
[Round "2.13"]
[Board "6"]
[White "Dishman, Matthew"]
[Black "Jashari, Ardian"]
[Result "1/2-1/2"]
[BlackTitle "FM"]
[WhiteElo "1949"]
[BlackElo "2109"]
[WhiteTeam "Gambit Bonnevoie"]
[BlackTeam "Dardania"]
[WhiteFideId "438642"]
[BlackFideId "955388"]
[EventDate "2021.09.18"]
[EventType "team"]

1. Nf3 g6 2. e4 Bg7 3. d4 d6 4. Nc3 Nf6 5. Be3 c6 6. Qd2 b5 7. Bd3 Ng4 8. Bg5 f6
9. h3 Nxf2 10. Qxf2 fxg5 11. Nxg5 Bf6 12. Nxh7 Bxd4 13. Qxd4 e5 14. Qf2 Rxh7 15.
O-O Qb6 16. Qxb6 axb6 17. Rf6 Rg7 18. Raf1 Ke7 19. Bxb5 Be6 20. Ba4 Nd7 21. Bxc6
Nxf6 22. Bxa8 g5 23. Nd5+ Bxd5 24. Bxd5 g4 25. hxg4 Rxg4 26. Rf3 Nxe4 27. Bxe4
Rxe4 28. Rb3 Rc4 29. c3 Rc6 30. Kf2 Ke6 31. Ke3 Kf5 32. Rb4 d5 33. Rb5 Rd6 34.
a4 Kg4 35. b4 Kg3 36. a5 bxa5 37. bxa5 Kxg2 38. Rb6 Rd8 39. a6 d4+ 40. cxd4 Rxd4
41. a7 Ra4 42. Rb7 Kh3 1/2-1/2

[Event "36th ECC Open 2021"]
[Site "Struga MKD"]
[Date "2021.09.19"]
[Round "2.14"]
[Board "2"]
[White "Mihajlov, Sebastian"]
[Black "Kjartansson, David"]
[Result "1-0"]
[WhiteTitle "IM"]
[BlackTitle "IM"]
[WhiteElo "2381"]
[BlackElo "2326"]
[WhiteTeam "Baerum Schakselskap"]
[BlackTeam "Viking  Chess Club"]
[WhiteFideId "1512110"]
[BlackFideId "2301130"]
[EventDate "2021.09.18"]
[EventType "team"]

1. e4 d6 2. d4 Nf6 3. Nc3 e5 4. dxe5 dxe5 5. Qxd8+ Kxd8 6. Bc4 Ke8 7. f4 Bb4 8.
Bd3 Nc6 9. Nf3 Bg4 10. fxe5 Nd7 11. Bf4 Bxf3 12. gxf3 Ncxe5 13. Be2 c6 14. Bd2
Ng6 15. f4 Nc5 16. Rf1 Bxc3 17. Bxc3 Nxe4 18. Bxg7 Rg8 19. Bd4 Rd8 20. Bxa7 Nh4
21. Bd3 f5 22. O-O-O Ra8 23. Bc4 Rg2 24. Bb6 Ng6 25. Be6 1-0

[Event "36th ECC Open 2021"]
[Site "Struga MKD"]
[Date "2021.09.19"]
[Round "2.14"]
[Board "3"]
[White "Thorhallsson, Simon"]
[Black "Mihajlov, Svetoslav"]
[Result "1-0"]
[BlackTitle "CM"]
[WhiteElo "2237"]
[BlackElo "2167"]
[WhiteTeam "Viking  Chess Club"]
[BlackTeam "Baerum Schakselskap"]
[WhiteFideId "2310090"]
[BlackFideId "1507168"]
[EventDate "2021.09.18"]
[EventType "team"]

1. e4 e6 2. d4 d5 3. Nc3 Bb4 4. exd5 exd5 5. Qf3 Ne7 6. Bf4 O-O 7. O-O-O c6 8.
Nge2 Ng6 9. Bg3 Qg5+ 10. Kb1 Bg4 11. Qd3 Bf5 12. Qd2 Qxd2 13. Rxd2 Re8 14. f3
Nd7 15. a3 Ba5 16. h4 h5 17. Rd1 b5 18. b3 Nf6 19. Kb2 Bd7 20. Nf4 Bc7 21. Nxh5
Bxg3 22. Nxg3 Nf4 23. Nce2 N6h5 24. Nxh5 Nxh5 25. g4 Nf6 26. Nf4 Re3 27. Bg2
Rae8 28. Kc1 Nh7 29. Kd2 g5 30. hxg5 Nxg5 31. Rdf1 Kg7 32. Rf2 f6 33. Nd3 R3e7
34. Re1 Rxe1 35. Nxe1 Ne6 36. c3 c5 37. Nc2 cxd4 38. Nxd4 Nf4 39. Bf1 a6 40. Rh2
Re5 41. Ne2 Ng6 42. Ng3 Re8 43. Rh5 Nf4 44. Rh4 Kg6 45. Ne2 Ne6 46. Rh5 Nc5 47.
Nf4+ Kg7 48. Rxd5 Nxb3+ 49. Kc2 Bc6 50. Rd6 Na1+ 51. Kb2 Bxf3 52. Bd3 Re1 53.
Nh5+ 1-0

[Event "36th ECC Open 2021"]
[Site "Struga MKD"]
[Date "2021.09.19"]
[Round "2.14"]
[Board "4"]
[White "Lobersli, Henrik Oie"]
[Black "Bjornsson, Tomas"]
[Result "1/2-1/2"]
[BlackTitle "FM"]
[WhiteElo "1987"]
[BlackElo "2175"]
[WhiteTeam "Baerum Schakselskap"]
[BlackTeam "Viking  Chess Club"]
[WhiteFideId "1511947"]
[BlackFideId "2300303"]
[EventDate "2021.09.18"]
[EventType "team"]

1. e4 c5 2. Nf3 d6 3. d4 cxd4 4. Nxd4 Nf6 5. Nc3 Nc6 6. Bg5 e6 7. Qd2 Be7 8.
O-O-O O-O 9. f4 Nxd4 10. Qxd4 Qa5 11. Kb1 e5 12. Qd2 exf4 13. Nd5 Qd8 14. Nxe7+
Qxe7 15. Qxf4 Qxe4 16. Qxd6 Bg4 17. Bd3 Qc6 18. Qxc6 bxc6 19. Rde1 Nd5 20. a3 h6
21. Bd2 Be6 22. h3 Rfd8 23. g4 c5 24. g5 hxg5 25. Bxg5 Rd6 26. h4 c4 27. Be4 Rb8
28. Bxd5 Rxd5 29. Bf4 Rbb5 30. Rd1 Rxd1+ 1/2-1/2

[Event "36th ECC Open 2021"]
[Site "Struga MKD"]
[Date "2021.09.19"]
[Round "2.14"]
[Board "5"]
[White "Petursson, Gudni"]
[Black "Darnell, Anton"]
[Result "1/2-1/2"]
[WhiteElo "2016"]
[BlackElo "2006"]
[WhiteTeam "Viking  Chess Club"]
[BlackTeam "Baerum Schakselskap"]
[WhiteFideId "2301725"]
[BlackFideId "1720244"]
[EventDate "2021.09.18"]
[EventType "team"]

1. d4 Nf6 2. Bf4 d5 3. e3 e6 4. Nd2 Bd6 5. Bg3 c5 6. c3 Nc6 7. Ngf3 O-O 8. Bd3
b6 9. O-O Bb7 10. Ne5 Ne7 11. f4 Nf5 12. Bxf5 exf5 13. Bh4 Be7 14. Bxf6 Bxf6 15.
Qc2 g6 16. Ndf3 Bg7 17. Nd2 Re8 18. Rae1 Qd6 19. Qa4 f6 20. Nef3 Re6 21. Qa3 Qc7
22. Qb3 Rae8 23. Kf2 Kh8 24. g3 Bf8 25. Rh1 Qd7 26. h4 h5 27. Qc2 Kg7 28. Qd3 c4
29. Qc2 b5 30. a3 a5 31. Nf1 Rb6 32. Ra1 Bc6 33. N1d2 Bd6 34. b4 Ra6 35. Qb2
Rea8 36. Ne1 axb4 37. cxb4 R6a7 38. Nc2 Kf7 39. Qc3 Qe7 40. Rhe1 Rg8 41. Rh1 Kg7
42. Rhe1 Kh6 43. Rh1 Rga8 44. Rhe1 1/2-1/2

[Event "36th ECC Open 2021"]
[Site "Struga MKD"]
[Date "2021.09.19"]
[Round "2.14"]
[Board "6"]
[White "Bjugn, Gisle"]
[Black "Runarsson, Gunnar"]
[Result "1-0"]
[WhiteElo "1867"]
[BlackElo "1944"]
[WhiteTeam "Baerum Schakselskap"]
[BlackTeam "Viking  Chess Club"]
[WhiteFideId "1516752"]
[BlackFideId "2301768"]
[EventDate "2021.09.18"]
[EventType "team"]

1. d4 Nf6 2. Nf3 e6 3. Bf4 d5 4. e3 c5 5. c3 Nc6 6. Nbd2 Be7 7. h3 O-O 8. Be2 b6
9. O-O Bb7 10. a4 Rc8 11. Qb3 cxd4 12. exd4 Bd6 13. Bxd6 Qxd6 14. a5 Nd7 15.
axb6 axb6 16. Ra3 Kh8 17. Rfa1 f6 18. c4 Ba8 19. cxd5 Na5 20. Qa4 Bxd5 21. Bb5
Rfd8 22. Rc3 Rxc3 23. bxc3 e5 24. Bxd7 Bxf3 25. Nxf3 Rxd7 26. dxe5 fxe5 27. Nxe5
Re7 28. Nc4 Qf4 29. Nxb6 Qd2 30. Qxa5 h6 1-0

[Event "36th ECC Open 2021"]
[Site "Struga MKD"]
[Date "2021.09.19"]
[Round "2.15"]
[Board "1"]
[White "Cumming, Rhys"]
[Black "Sarrau, Jelle"]
[Result "0-1"]
[WhiteTitle "FM"]
[BlackTitle "FM"]
[WhiteElo "2361"]
[BlackElo "2374"]
[WhiteTeam "Sussex Martlets"]
[BlackTeam "Zuid-Limburg"]
[WhiteFideId "470163"]
[BlackFideId "207608"]
[EventDate "2021.09.18"]
[EventType "team"]

1. d4 Nf6 2. Nf3 e6 3. Bf4 c5 4. e3 cxd4 5. exd4 b6 6. Nbd2 Bb7 7. Bd3 Be7 8. h3
O-O 9. O-O d6 10. Qe2 Nbd7 11. Bh2 Re8 12. a4 Qc7 13. a5 Rab8 14. axb6 axb6 15.
Nc4 Nd5 16. c3 Ra8 17. Na3 N7f6 18. Nd2 Bc6 19. g4 g6 20. f3 e5 21. Nb5 Qd7 22.
Rxa8 Bxa8 23. Ra1 Bc6 24. Ra7 Qd8 25. Ne4 Nf4 26. Bxf4 exf4 27. Nc7 Rf8 28. Na6
Nd5 29. Bb5 Be8 30. Bxe8 Qxe8 31. Qc4 Ne3 32. Qb3 d5 33. Nf2 Bh4 34. Nc7 Bxf2+
35. Kxf2 Qe7 36. Nb5 Qh4+ 37. Ke2 Qxh3 38. Ra1 Qg2+ 39. Kd3 Qxf3 40. Nc7 Qxg4 0-1

[Event "36th ECC Open 2021"]
[Site "Struga MKD"]
[Date "2021.09.19"]
[Round "2.15"]
[Board "2"]
[White "Suvorov, Alexander"]
[Black "Willson, Ollie"]
[Result "1-0"]
[WhiteTitle "FM"]
[WhiteElo "2363"]
[BlackElo "2082"]
[WhiteTeam "Zuid-Limburg"]
[BlackTeam "Sussex Martlets"]
[WhiteFideId "12977063"]
[BlackFideId "424714"]
[EventDate "2021.09.18"]
[EventType "team"]

1. d4 Nf6 2. c4 e6 3. Nc3 Bb4 4. e3 O-O 5. Bd2 d5 6. Nf3 b6 7. cxd5 exd5 8. Bd3
Bb7 9. O-O Re8 10. Ne5 Bf8 11. f4 c5 12. Be1 Nc6 13. Bb5 Rc8 14. Qa4 Re6 15. Rd1
a6 16. Bxc6 Bxc6 17. Qxa6 c4 18. Nxc6 Rexc6 19. Qb5 Rd6 20. Bh4 Ra8 21. b4 Ra3
22. Rc1 Be7 23. Rfe1 g6 24. h3 Kg7 25. f5 h6 26. fxg6 fxg6 27. Bg3 Kh7 28. Bxd6
Qxd6 29. Rf1 Kg7 30. e4 Qg3 31. e5 Ng4 32. hxg4 Qe3+ 33. Kh1 h5 34. Qxd5 hxg4
35. Qf7+ Kh8 36. Qe8+ Kg7 37. Qxe7+ 1-0

[Event "36th ECC Open 2021"]
[Site "Struga MKD"]
[Date "2021.09.19"]
[Round "2.15"]
[Board "3"]
[White "Payne, Matthew J"]
[Black "Lenaerts, Lennert"]
[Result "0-1"]
[BlackTitle "FM"]
[WhiteElo "2150"]
[BlackElo "2358"]
[WhiteTeam "Sussex Martlets"]
[BlackTeam "Zuid-Limburg"]
[WhiteFideId "417084"]
[BlackFideId "211435"]
[EventDate "2021.09.18"]
[EventType "team"]

1. e4 e5 2. Nf3 Nc6 3. d4 exd4 4. Nxd4 Nf6 5. Nc3 Bb4 6. Nxc6 bxc6 7. Bd3 d5 8.
exd5 O-O 9. O-O cxd5 10. h3 Re8 11. Bg5 c6 12. Qf3 h6 13. Bh4 Bd6 14. Rae1 Be5
15. Re2 g5 16. Bg3 g4 17. Qe3 Bxc3 18. Qxh6 Rxe2 19. bxc3 Re6 20. Qg5+ Kf8 21.
Bf5 Rd6 22. Qh6+ Ke7 23. Re1+ Be6 24. Bxd6+ Kxd6 25. Qf4+ Ke7 26. Qb4+ Ke8 27.
Qb7 Qc8 28. Bxe6 Qxb7 29. Bc8+ Qe7 0-1

[Event "36th ECC Open 2021"]
[Site "Struga MKD"]
[Date "2021.09.19"]
[Round "2.15"]
[Board "4"]
[White "Van Meegen, Ruud"]
[Black "Bucher, Grant W"]
[Result "1-0"]
[WhiteTitle "FM"]
[WhiteElo "2291"]
[BlackElo "2114"]
[WhiteTeam "Zuid-Limburg"]
[BlackTeam "Sussex Martlets"]
[WhiteFideId "1034995"]
[BlackFideId "413810"]
[EventDate "2021.09.18"]
[EventType "team"]

1. d4 d5 2. c4 e6 3. Nc3 c6 4. cxd5 exd5 5. Bf4 Nf6 6. e3 Bf5 7. Nf3 h6 8. Bd3
Bxd3 9. Qxd3 Nbd7 10. O-O Be7 11. Rfc1 O-O 12. a3 Re8 13. b4 Nb6 14. b5 Nc4 15.
bxc6 bxc6 16. Ne5 Nxe5 17. Bxe5 Nd7 18. Bg3 Nb6 19. a4 Nc4 20. Rcb1 Bd6 21. Rb7
Bxg3 22. hxg3 Qc8 23. Rb3 Rb8 24. Rab1 Rb6 25. Rxb6 Nxb6 26. Rc1 Qb7 27. Rb1 Qc7
28. Rc1 Qb7 29. g4 Qc8 30. Qf5 Qxf5 31. gxf5 Nd7 32. Na2 c5 33. dxc5 Rc8 34. c6
Nb8 35. Nb4 a5 36. Nxd5 Kf8 37. c7 Na6 38. Rc6 Nb4 39. Nb6 Nxc6 40. Nxc8 1-0

[Event "36th ECC Open 2021"]
[Site "Struga MKD"]
[Date "2021.09.19"]
[Round "2.15"]
[Board "5"]
[White "Grant, David J"]
[Black "Zimmermann, Luc"]
[Result "1-0"]
[BlackTitle "CM"]
[WhiteElo "2074"]
[BlackElo "2133"]
[WhiteTeam "Sussex Martlets"]
[BlackTeam "Zuid-Limburg"]
[WhiteFideId "403717"]
[BlackFideId "1007033"]
[EventDate "2021.09.18"]
[EventType "team"]

1. d4 Nf6 2. c4 g6 3. Nc3 d5 4. cxd5 Nxd5 5. Bd2 Bg7 6. e4 Nxc3 7. Bxc3 O-O 8.
Qd2 c5 9. d5 e6 10. Bc4 exd5 11. Bxd5 Qe7 12. Nf3 Be6 13. O-O Bxd5 14. exd5 Bxc3
15. bxc3 Nd7 16. d6 Qf6 17. Rfe1 Rfe8 18. Qd5 Red8 19. Re7 Nb6 20. Qxb7 Rxd6 21.
Rae1 Rf8 22. Qxa7 Nd5 23. R7e5 Nxc3 24. Qxc5 Nxa2 25. Ng5 Ra6 26. Nxh7 1-0